000 00317nam a22001337a 4500
008 230829b ||||| |||| 00| 0 eng d
041 _aeng
080 _a7
082 _a7ODE
100 _a19
101 _aART
245 _aPARADISE LOST PANTINGS ON PAPER FROM THE 1940 AND 1950
_cCLIFFORD ODETS
942 _2udc
_cBK
999 _c60206
_d60206